Statistiques concernant Quiz des Ardennes

Cliquez ici pour prendre le quiz!

Statistiques générales

  • Ce quiz a été pris 201 fois
    (113 depuis la dernière actualisation)
  • Le résultat moyen est 11 sur 16

Statistiques - réponses

HintRéponse% Correct
Région où elle se trouveGrand Est
100%
Pays FrontalierBelgique
98%
Numéro du département08
94%
Chef lieuCharleville Mézières
92%
Animal emblèmeSanglier
91%
Fleuve qui la traverse Meuse
90%
Plus gros château fort d'EuropeSedan
83%
Poète célèbre originaire des ArdennesRimbaud
75%
Tennisman et chanteur né à SedanYannick Noah
69%
Festival mondial se déroulant à Charleville MézièresMarionnettes
62%
Equipe de basketball féminineLes Flammes
54%
Plus grosse sculpture exposé Woinic
54%
Spécialité culinaire saléeCacasse à cul nu
45%
Humoriste célèbre ardennaisJeremy Ferrari
41%
Spécialité culinaire sucréeGalette au sucre
21%
Création du département1790
15%

Distribution des résultats

Percentile par nombre de réponses

% des personnes avec chaque résultat

Votre développement - résultats

Vous n’avez pas pris ce quiz depuis la dernière actualisation